| 000 | 01178nas a22002177a 4500 | ||
|---|---|---|---|
| 007 | ta | ||
| 008 | 250131s2024 xxk||||os||||o00| 0 eng d | ||
| 041 | _aeng | ||
| 245 | _aBDW Trading Ltd v Ardmore Construction Limited | ||
| 260 |
_a[2024] EWHC 3235 (TCC), _bTechnology and Construction Court _c16 December 2024 |
||
| 520 | _aThe ruling in BDW Trading Limited v Ardmore Construction Limited (2024) has confirmed the wide scope of adjudication clauses and opened the doors for adjudications to be brought regarding historical defects under the Defective Premises Act 1972. Due to the extension of limitation for Defective Premises Act claims under the Building Safety Act 2022, contractors can now potentially face adjudication referrals on historic claims from projects as far back as 1992. | ||
| 650 | _aBUILDING SAFETY ACT 2022 | ||
| 650 | _aCIVIL LIABILITY (CONTRIBUTION) ACT 1978 | ||
| 650 | _aDEFECTIVE PREMISES ACT 1972 | ||
| 650 | _aDEFECTIVE WORKS | ||
| 650 | _aLIABILITY | ||
| 650 | _aPROPERTY DEVELOPERS | ||
| 650 | _aRESIDENTIAL PROPERTY | ||
| 651 | _aUnited Kingdom | ||
| 856 |
_uhttps://www.bailii.org/ew/cases/EWHC/TCC/2024/3235.html _zAvailable on BAILII |
||
| 999 |
_c122104 _d122104 |
||